000 00287nam a2200121Ia 4500
008 230817s2022 xx 000 0 und d
041 _aeng
082 _a346043/NAN
100 _aAMIT NANDA
245 _aMAHA LAND REVENUE CODE
260 _aMumbai
_bSnow White
_c2022
300 _a1-145p
999 _c850104
_d850104